Dayananda sahitya sakalayam Part I : (Record no. 139722)

000 -LEADER
fixed length control field 00488nam a22001577a 4500
020 ## - INTERNATIONAL STANDARD BOOK NUMBER
International Standard Book Number 8189175211
082 ## - DEWEY DECIMAL CLASSIFICATION NUMBER
Classification number M 294.592 1
Item number DAY/D.1
100 ## - MAIN ENTRY--PERSONAL NAME
Personal name Dayananda Saraswathi
9 (RLIN) 91616
245 ## - TITLE STATEMENT
Title Dayananda sahitya sakalayam Part I :
Remainder of title sathyartha prakasam/
Statement of responsibility, etc. by Dayananda Saraswathi
260 ## - PUBLICATION, DISTRIBUTION, ETC.
Place of publication, distribution, etc. Chengannur:
Name of publisher, distributor, etc. Narendrabhooshan Smaraka Prathishtapanam,
Date of publication, distribution, etc. 2014.
300 ## - PHYSICAL DESCRIPTION
Extent 874p.
650 ## - SUBJECT ADDED ENTRY--TOPICAL TERM
Topical term or geographic name entry element Vedic Literature
9 (RLIN) 91617
650 ## - SUBJECT ADDED ENTRY--TOPICAL TERM
Topical term or geographic name entry element Hinduism
9 (RLIN) 91618
650 ## - SUBJECT ADDED ENTRY--TOPICAL TERM
Topical term or geographic name entry element Religion
9 (RLIN) 91619
942 ## - ADDED ENTRY ELEMENTS (KOHA)
Koha item type Book
Holdings
Withdrawn status Lost status Damaged status Not for loan Permanent Location Current Location Shelving location Date acquired Cost, normal purchase price Total Checkouts Full call number Barcode Date last seen Price effective from Koha item type
        Sree Sankaracharya University of Sanskrit Sree Sankaracharya University of Sanskrit Reference 12.12.2018 750.00   R M 294.592 1 DAY/D.1 092638 12.12.2018 12.12.2018 Reference